000
00291 a2200121 4500
001
63249
082
_a
355.02 TER
090
_c
37315
_d
37315
100
_a
Terraine, John
245
_a
White heat: The new warfare 1914-18
_h
English
260
_a
London
_b
Book Club London
300
_a
352p
942
_a
CAE NUST
_k
355.02 TER
999
_c
298322
_d
298322